| 000 | 00444nam a22001577a 4500 | ||
|---|---|---|---|
| 020 | _a9789386094735 | ||
| 082 |
_aM 909 _bGIF/M |
||
| 100 |
_aGifu Melattur _936086 |
||
| 245 |
_aManmaranja charithra nagarangal/ _cby Gifu Melattur |
||
| 260 |
_aKottayam: _bSahithya Pravarthaka Co-operative Society Ltd, _c2017. |
||
| 300 | _a112p. | ||
| 650 |
_aWorld History _936087 |
||
| 650 |
_aCivilization _936088 |
||
| 650 |
_aHistory _936089 |
||
| 942 | _cBK | ||
| 999 |
_c70468 _d70468 |
||